Managerial economics / (Record no. 2296)
[ view plain ]
| 000 -LEADER | |
|---|---|
| fixed length control field | 01560cam a2200193 a 4500 |
| 020 ## - INTERNATIONAL STANDARD BOOK NUMBER | |
| ISBN | 0072392916 |
| 020 ## - INTERNATIONAL STANDARD BOOK NUMBER | |
| ISBN | 9780072392913 |
| 050 00 - CALL NUMBER | |
| Classification number | HD30.22 |
| Item number | .M39 |
| 100 1# - AUTHOR | |
| Personal name | Maurice, S. Charles. |
| 245 10 - TITLE | |
| Title | Managerial economics / |
| Statement of responsibility, etc | S. Charles Maurice, Christopher R. Thomas. |
| 250 ## - EDITION | |
| Edition statement | 7th ed. |
| 260 ## - PUBLICATION INFORMATION | |
| Place of publication | Boston : |
| Name of publisher | McGraw-Hill, |
| Year of publication | 2002. |
| 300 ## - DESCRIPTION | |
| Number of Pages | xxii, 761 p. : |
| Other physical details | ill. (some col.) ; |
| Dimensions | 23 cm. |
| 500 ## - NOTES | |
| General note | Includes index. |
| 505 ## - FORMATTED CONTENTS NOTE | |
| Table of Content | Part I: Some Preliminaries <br/>Chapter 1: Managers, Profits and Markets<br/>Chapter 2: Demand, Supply and Market Equilibrium<br/>Chapter 3: Elasticity and Demand<br/>Chapter 4: Theory of Optimization<br/>Chapter 5: Basic Estimation Techniques <br/><br/><br/>Part II: Demand Analysis<br/>Chapter 6: Theory of Consumer Behavior <br/>Chapter 7: Empirical Demand Analysis<br/>Chapter 8: Demand Forecasting<br/><br/><br/>Part III: Production and Cost Analysis<br/>Chapter 9: Production and Cost in the Short Run<br/>Chapter 10: Production and Cost in the Long Run<br/>Chapter 11: Empirical Analysis of Production and Cost<br/><br/><br/>Part IV: Profit Maximization in Various Market Structures<br/>Chapter 12: Managerial Decisions in Competitive Markets<br/>Chapter 13: Managerial Decisions for Firms with Market Power. Chapter 14: Strategic Decision Making in Oligopoly Markets<br/>Chapter 15: Cooperation in Oligopoly Markets <br/>Chapter 16: Multiple Plants, Markets, and Products<br/><br/><br/>Part V: Risk and Uncertainty<br/>Chapter 17: Decisions under Risk and Uncertainty<br/>Chapter 18: Investment Decision |
| 650 #0 - SUBJECTS | |
| Topical Term | Managerial economics. |
| 700 1# - OTHER AUTHORS | |
| Personal name | Thomas, Christopher R. |
| 942 ## - ADDED ENTRY ELEMENTS (KOHA) | |
| Koha item type | Books |
| Withdrawn status | Lost status | Home library | Current library | Shelving location | Date acquired | Full call number | Accession Number | Koha item type |
|---|---|---|---|---|---|---|---|---|
| Methodist University Library Tema | Methodist University Library Tema | General Stacks | 08/08/2006 | HD30.22 .M39 | 12530 | Books | ||
| Methodist University Library Tema | Methodist University Library Tema | General Stacks | 08/08/2006 | HD30.22 .M39 | 12543 | Books | ||
| Methodist University Library Tema | Methodist University Library Tema | General Stacks | 08/08/2006 | HD30.22 .M39 | 12548 | Books | ||
| Methodist University Library Tema | Methodist University Library Tema | General Stacks | 08/08/2006 | HD30.22 .M39 | 12547 | Books | ||
| Methodist University Library Tema | Methodist University Library Tema | General Stacks | 08/08/2006 | HD30.22 .M39 | 12541 | Books |